| 000 | 00934nam a2200301 i 4500 | ||
|---|---|---|---|
| 003 | EG-GICUC | ||
| 005 | 20260128143548.0 | ||
| 008 | 260127s1967 le ||||fr|||| 000 0 eng d | ||
| 040 |
_aEG-GiCUC _beng _cEG-GiCUC _dEG-GiCUC _eRda |
||
| 082 | 0 | 4 |
_221 _a341.23 _bUN |
| 092 | 0 | 4 | _221 |
| 099 | _aLaw1 11 341.23 UN 1967 | ||
| 245 | 0 | 0 |
_aUnited Nations Resolutions on Palestine 1947-1966 / _b _cSami Hadawi. |
| 264 | 1 |
_aBeirut : _bThe Institute for Palestine Studies, _c1967. |
|
| 300 |
_a203page : _billustration ; _c 24 cm. _e |
||
| 336 |
_2rda contenu _a texte |
||
| 337 |
_2rda medias _aOrdinateur |
||
| 338 |
_2 transporteur rda _a Ressource en ligne |
||
| 504 | _a | ||
| 546 | _aText in English | ||
| 650 | 1 |
_2 _aPublic international law |
|
| 651 | 1 | _2 | |
| 700 | 1 |
_aSami Hadawi _eeditor. |
|
| 710 | 2 |
_a _b |
|
| 856 | 4 | 0 | _uhttps://fll.law.cu.edu.eg/fulltext/bks/B11-05227.pdf |
| 905 | _a50 | ||
| 942 |
_2ddc _cBK _e21 _n0 |
||
| 999 |
_c59804 _d59804 |
||